Zhodnotenie špecifík účtovných závierok výrobcov čipov na Slovensku a v zahraničí diplomová práca

Na minha lista:
Detalhes bibliográficos
Autor principal: Mosorjak, Dárius
Autor Corporativo: Fakulta hospodárskej informatiky EU. Katedra účtovníctva a audítorstva
Outros Autores: Ballová, Martina, 1985-
Formato: Livro
Idioma:eslovaco
Publicado em: Bratislava 2025
Tags: Adicionar Tag
Sem tags, seja o primeiro a adicionar uma tag!

MARC

LEADER 00000nbm a2200000 4500
001 0310554
005 20260317112944.6
041 0 |a slo 
044 |a SK 
245 1 0 |a Zhodnotenie špecifík účtovných závierok výrobcov čipov na Slovensku a v zahraničí  |b diplomová práca  |c Dárius Mosorjak ; školiteľ: Martina Ballová 
264 1 |a Bratislava  |c 2025 
300 |a 79 s. 
100 1 |a Mosorjak, Dárius 
700 1 |a Ballová, Martina, 1985- 
710 2 |a Fakulta hospodárskej informatiky EU. Katedra účtovníctva a audítorstva